LEADER 01455nam0 22003251i 450 001 SUN0016476 005 20051228120000.0 010 $a88-7947-205-4 100 $a20040524d1998 |0itac50 ba 101 $aita 102 $aIT 105 $a|||| ||||| 200 1 $aAnsia, stress e coping nella prospettiva cognitiva$fAnna Maria Asprea, Giulia Villone Betocchi 210 $aNapoli$cGnocchi$d[1998] 215 $a113 p.$d21 cm. 606 $aFatica mentale$2FI$3SUNC008241 606 $aFatica fisica$2FI$3SUNC008242 620 $dNapoli$3SUNL000005 676 $a155.9042$v21 700 1$aAsprea$b, Anna Maria$3SUNV012293$0126104 701 1$aVillone Betocchi$b, Giulia$3SUNV012294$0141914 712 $aIdelson Gnocchi$3SUNV000085$4650 801 $aIT$bSOL$c20181109$gRICA 912 $aSUN0016476 950 $aUFFICIO DI BIBLIOTECA DEL DIPARTIMENTO DI PSICOLOGIA$d16 CONS 2794 $e16 LET8259 950 $aUFFICIO DI BIBLIOTECA DEL DIPARTIMENTO DI PSICOLOGIA$d16 CONS 2654 $e16 LET7449 995 $aUFFICIO DI BIBLIOTECA DEL DIPARTIMENTO DI PSICOLOGIA$bIT-CE0119$gLET$h8259$kCONS 2794$oc$qa 995 $aUFFICIO DI BIBLIOTECA DEL DIPARTIMENTO DI PSICOLOGIA$bIT-CE0119$gLET$h7449$kCONS 2654$oc$qa 996 $aAnsia Stress e Coping nella prospettiva cognitiva$9505882 997 $aUNICAMPANIA LEADER 01008nam--2200361---450- 001 990002117270203316 005 20090318130705.0 035 $a000211727 035 $aUSA01000211727 035 $a(ALEPH)000211727USA01 035 $a000211727 100 $a20041027d1974----km-y0itay0103----ba 101 $aita 102 $aIT 105 $a||||||||001yy 200 1 $aEsercitazioni di statistica$fGiuseppe Chiassino, Luigi Di Comite 210 $aBari$cCacucci$d1974 215 $a132 p.$d25 cm 410 0$12001 454 1$12001 461 1$1001-------$12001 676 $a519.5 700 1$aCHIASSINO,$bGiuseppe$0103075 701 1$aDI COMITE,$bLuigi$0101867 801 0$aIT$bsalbc$gISBD 912 $a990002117270203316 951 $a519.5 CHI 1 (IS III 56)$b55764 G.$cIS III$d00202497 959 $aBK 969 $aECO 979 $aSIAV6$b10$c20041027$lUSA01$h1632 979 $aRSIAV2$b90$c20090318$lUSA01$h1307 996 $aEsercitazioni di statistica$91036557 997 $aUNISA LEADER 02686nas 2200889-a 450 001 996207317703316 005 20240305043406.0 011 $a1460-9568 035 $a(DE-599)ZDB2005178-5 035 $a(OCoLC)39503252 035 $a(CKB)954925575988 035 $a(CONSER)--2010222885 035 $a(EXLCZ)99954925575988 100 $a19980717a19899999 s-- - 101 0 $aeng 135 $aurmnu|||||||| 181 $ctxt$2rdacontent 182 $cc$2rdamedia 183 $acr$2rdacarrier 200 00$aEuropean journal of neuroscience $eEJN 210 $a[Oxford] $cBlackwell Science 215 $a1 online resource 300 $aRefereed/Peer-reviewed 311 1 $a0953-816X 517 1 $aEJN 517 1 $aEJN, European journal of neuroscience 531 0 $aEUR J NEUROSCI 531 0 $aEUR J NEURO 531 0 $aEUROPEAN JOURNAL OF NEUROSCIENCE 531 0 $aEUR. J. NEUROSCI 531 0 $aEur. j. neurosci. 606 $aNeurology$vPeriodicals 606 $aNeurosciences$vPeriodicals 606 $aNervous System$vPeriodicals 606 $aNervous System Diseases$vPeriodicals 606 $aNervous System Physiology$vPeriodicals 606 $aSocieties, Medical$vPeriodicals 606 $aNeurosciences 606 $aNervous System 606 $aNervous System Diseases 606 $aNervous System Physiological Phenomena 606 $aSocieties, Medical 606 $aNeurologie$vPériodiques 606 $aNeurology$2fast$3(OCoLC)fst01036390 606 $aNeurologie$2gtt 606 $aNeurone$2rasuqam 606 $aNeurosciences$2rasuqam 606 $aSystème nerveux$2rasuqam 608 $aPeriodicals.$2lcgft 608 $aPeriodical. 608 $aPeriodicals.$2fast 608 $aPériodique électronique (Descripteur de forme)$2rasuqam 608 $aRessource Internet (Descripteur de forme)$2rasuqam 610 $aPsychology 615 0$aNeurology 615 2$aNeurosciences 615 2$aNervous System 615 2$aNervous System Diseases 615 2$aNervous System Physiology 615 2$aSocieties, Medical 615 2$aNeurosciences. 615 2$aNervous System. 615 2$aNervous System Diseases. 615 2$aNervous System Physiological Phenomena. 615 2$aSocieties, Medical. 615 6$aNeurologie 615 7$aNeurology. 615 17$aNeurologie. 615 7$aNeurone. 615 7$aNeurosciences. 615 7$aSystème nerveux. 676 $a616.8 712 02$aEuropean Neuroscience Association, 906 $aJOURNAL 912 $a996207317703316 996 $aEuropean journal of neuroscience$91413681 997 $aUNISA